| 000 | 00529nam a2200217Ia 4500 | ||
|---|---|---|---|
| 003 | OSt | ||
| 005 | 20220918205537.0 | ||
| 006 | a|||||r|||| 00| 0 | ||
| 007 | ta | ||
| 008 | 220917b |||||||| |||| 00| 0 eng d | ||
| 024 | _a116,965 | ||
| 037 | _cTextual | ||
| 040 |
_aARTS _cARTS _beng |
||
| 041 |
_2eng _aeng |
||
| 082 | _aV632:1:N5, J5 (906) | ||
| 245 | 0 |
_aSwaziland _b a general survey |
|
| 260 | _c1955 | ||
| 650 | _aHISTORY | ||
| 942 |
_hV632:1:N5, J5 (906) _cTEXL _2CC |
||
| 999 |
_c240284 _d240284 |
||